000 00400nam a2200097Ia 4500
008 180130s9999 xx 000 0 und d
245 _cChen, Jondou J.; Hetzner, Nina Philipsen; Brooks-Gunn, Jeanne
_aGrowing up in poverty in developed countries
260 _c2014
300 _aBook title: Blackwell handbook of infant development--Acession number C19029; pages 769-793
650 _aINFANTS--DEVELOPMENT
999 _c354047
_d354047